U.S and Japan in figures I : Business and Economics
Đã lưu trong:
| Format: | Bog |
|---|---|
| Sprog: | Undetermined |
| Udgivet: |
Tokyo
JETRO
1991
|
| Fag: | |
| Tags: |
Tilføj Tag
Ingen Tags, Vær først til at tagge denne postø!
|
| Thư viện lưu trữ: | Trung tâm Học liệu Trường Đại học Cần Thơ |
|---|
| LEADER | 00579nam a2200181Ia 4500 | ||
|---|---|---|---|
| 001 | CTU_105596 | ||
| 008 | 210402s9999 xx 000 0 und d | ||
| 082 | |a 315.2 | ||
| 082 | |b U58/1991 | ||
| 245 | 0 | |a U.S and Japan in figures I : | |
| 245 | 0 | |b Business and Economics | |
| 260 | |a Tokyo | ||
| 260 | |b JETRO | ||
| 260 | |c 1991 | ||
| 650 | |a Comparative civilization,Statistics,Japan | ||
| 650 | |x Handbooks, manuals, etc.,Civilization,Handbooks, manuals, etc.,Civilization,Handbooks, manuals, etc. | ||
| 904 | |i M.Loan | ||
| 980 | |a Trung tâm Học liệu Trường Đại học Cần Thơ | ||